Ground-water hydrology of the Sevier Desert, Utah, (Record no. 30436)
[ view plain ]
| 000 -LEADER | |
|---|---|
| fixed length control field | 01061cam a2200289 4500 |
| 001 - CONTROL NUMBER | |
| control field | gs 68000190 |
| 003 - CONTROL NUMBER IDENTIFIER | |
| control field | DLC |
| 005 - DATE AND TIME OF LATEST TRANSACTION | |
| control field | 20260227111422.0 |
| 008 - FIXED-LENGTH DATA ELEMENTS--GENERAL INFORMATION | |
| fixed length control field | 700123s1968 dcuab b 00110 eng |
| 010 ## - LIBRARY OF CONGRESS CONTROL NUMBER | |
| LC control number | gs 68000190 //r935 |
| 040 ## - CATALOGING SOURCE | |
| Original cataloging agency | DLC |
| Transcribing agency | DLC |
| Modifying agency | DLC |
| 050 00 - LIBRARY OF CONGRESS CALL NUMBER | |
| Classification number | TC801 |
| Item number | .U2 no. 1854 |
| 082 00 - DEWEY DECIMAL CLASSIFICATION NUMBER | |
| Classification number | 551.4/9/0979244 |
| 100 10 - MAIN ENTRY--PERSONAL NAME | |
| Personal name | Mower, R. W. |
| Fuller form of name | (Reed W.), |
| Dates associated with a name | 1924- |
| 245 10 - TITLE STATEMENT | |
| Title | Ground-water hydrology of the Sevier Desert, Utah, |
| Statement of responsibility, etc. | by R. W. Mower and R. D. Feltis. |
| 260 0# - PUBLICATION, DISTRIBUTION, ETC. | |
| Place of publication, distribution, etc. | Washington, |
| Name of publisher, distributor, etc. | U.S. Dept. of the Interior, |
| Date of publication, distribution, etc. | 1968. |
| 300 ## - PHYSICAL DESCRIPTION | |
| Extent | v, 75 p. |
| Other physical details | illus., maps |
| Dimensions | 24 cm. |
| 440 #0 - SERIES STATEMENT/ADDED ENTRY--TITLE | |
| Title | Geological Survey water-supply paper ; |
| Volume/sequential designation | 1854 |
| 500 ## - GENERAL NOTE | |
| General note | Part of illustrative matter fold., part. col. in pocket. |
| 500 ## - GENERAL NOTE | |
| General note | Prepared in cooperation with the Utah State Engineer. |
| 500 ## - GENERAL NOTE | |
| General note | In portfolio. |
| 504 ## - BIBLIOGRAPHY, ETC. NOTE | |
| Bibliography, etc. note | Bibliography: p. 71-72. |
| 650 #0 - SUBJECT ADDED ENTRY--TOPICAL TERM | |
| Topical term or geographic name entry element | Groundwater |
| Geographic subdivision | Utah |
| -- | Sevier Desert. |
| 650 #0 - SUBJECT ADDED ENTRY--TOPICAL TERM | |
| Topical term or geographic name entry element | Water-supply |
| Geographic subdivision | Utah |
| -- | Sevier Desert. |
| 700 10 - ADDED ENTRY--PERSONAL NAME | |
| Personal name | Feltis, R. D. |
| Fuller form of name | (Richard D.), |
| Dates associated with a name | 1930- |
| Relator term | joint author. |
| 710 10 - ADDED ENTRY--CORPORATE NAME | |
| Corporate name or jurisdiction name as entry element | Utah. |
| Subordinate unit | State Engineer's Office. |
No items available.